| 000 | 00972nam a22002535a 4500 | ||
|---|---|---|---|
| 003 | OSt | ||
| 005 | 20170313115530.0 | ||
| 008 | 160922s2014 ua frb 000 0 ara d | ||
| 015 | _a2014 / 5253 | ||
| 020 | _z978979410 | ||
| 040 |
_aEG-ScBUE _bara _cEG-ScBUE _dEG-ScBUE |
||
| 043 | _af-ua--- | ||
| 082 | 0 | 4 |
_a345.620268 _bي ح ي _222 |
| 100 | 1 | _aيحيى، عادل. | |
| 245 | 1 | 2 |
_aالسياسية الجنائية في مواجهة الجريمة المعلوماتية / _cعادل يحيى. |
| 250 | _aط. 1. | ||
| 260 |
_aالقاهرة : _bدار النهضه العربية، _c2014. |
||
| 300 |
_a122 ص. ؛ _c24 سم. |
||
| 504 | _aيشتمل على إرجاعات ببليوجرافية. | ||
| 650 | 7 |
_2BUEsh _aجرائم الحاسبات الإلكترونية _xقوانين وتشريعات _zمصر. |
|
| 650 | 7 |
_2BUEsh _aالحاسبات الإلكترونية _xقوانين وتشريعات _zمصر. |
|
| 653 |
_bLLAAWW _cMarch2017 |
||
| 942 | _2ddc | ||
| 999 |
_c24403 _d24375 |
||